| 000 | 00922nam a2200241Ia 4500 | ||
|---|---|---|---|
| 003 | GCL | ||
| 008 | 140319s9999 xx 000 0 ara d | ||
| 020 | _a8661299953 | ||
| 040 |
_aGCL / _cGCL |
||
| 082 | 0 | 4 |
_a324.24566 _bم أ |
| 100 | 1 | _aمسعود اسد اللهى | |
| 245 | 1 | 0 |
_aالاسلاميون فى مجتمع تعددى : _bحزب الله فى لبنان نموذجا / _cمسعود اسد اللهى |
| 700 | 1 | _aدلال عباس | |
| 250 | _aالاولى | ||
| 260 |
_aبيروت : _bالدار العربية للعلوم ، _c2004 |
||
| 300 |
_a446 ص ؛ _c24 سم |
||
| 650 | 0 | 4 | _aالاسلام والاصلاح الدينى |
| 650 | 0 | 4 | _aاسرائيل - تاريخ - العصر الحديث |
| 650 | 0 | 4 | _aلبنان - حزب الله |
| 650 | 0 | 4 | _aلبنان - الاحزاب السياسية |
| 650 | 0 | 4 | _aالاسلام - النظام السياسى فى - لبنان |
| 942 |
_2ddc _cBK |
||
| 999 |
_c50826 _d50826 |
||